| 000 | 00442nam a2200157Ia 4500 | ||
|---|---|---|---|
| 008 | 210716s1982 xx 000 0 und d | ||
| 020 | _a0673153657 | ||
| 041 | _aeng | ||
| 082 | _a331 EHRR | ||
| 100 | _aEhrenberg, Ronald G; Smith, Robert S. | ||
| 245 | _aModern Labour economics: theory and public policy. | ||
| 250 | _a1 | ||
| 260 |
_aIllinois _bScott Foresman and Company _c1982 |
||
| 300 | _axiii,514 | ||
| 650 | _aLabor economics(331) | ||
| 999 |
_c202233 _d202233 |
||